000 00661nam a22002057a 4500
005 20251108172954.0
008 250721s2004 xx 000 0 ara d
020 _a9990638209
082 1 4 _a320.158/أنص
100 1 _aالأنصاري، محمد جابر
_eمؤلف
245 1 0 _aمراجعات في الفكر القومي /
264 1 _aالصفاة :
_bوزارة الإعلام - مجلة العربي،
_c2004.
300 _a191 ص.
490 0 _aكتاب العربي
_v57
650 1 7 _aالقومية العربية
650 1 7 _aالوحدة العربية
650 1 7 _aالبلدان العربية
942 _2ddc
_cBK
999 _c93080
_d93080